| 000 | 01107nam a2200277 i 4500 | ||
|---|---|---|---|
| 001 | 179110 | ||
| 003 | ES-MaACL | ||
| 005 | 20240228155331.0 | ||
| 008 | 110912s2010 sp abd |||| |dspa d | ||
| 020 | _a978-84-975666-8-1 | ||
| 080 | _a94(460)"0414/1474" | ||
| 100 | 1 |
_aMonsalvo Antón, José María. _982289 |
|
| 245 | 1 | 0 |
_aAtlas histórico de la España medieval / _cJosé María Monsalvo Antón. |
| 260 |
_aMadrid : _bSíntesis, _c[2010] |
||
| 300 |
_a275 p. : _bmapas col., gráf. ; _c24 cm. |
||
| 500 | _aTablas genealógicas. | ||
| 505 | 8 | _aContiene: Alta Edad Media (siglos V-X) - Plena Edad Media (siglos XI-XIII) - Baja Edad Media (siglos XIV-XV) | |
| 650 | 4 |
_aHistoria medieval- _vAtlas. _9147903 |
|
| 651 | 7 |
_aEspaña- _xHistoria- _y0414-1474, Edad media. _98214 |
|
| 651 | 7 |
_aEspaña- _xHistoria- _y0414-0711, Época visigoda _2 _9162046 |
|
| 651 | 4 |
_aEspaña- _xHistoria- _y0711-1492, Reconquista. _98217 |
|
| 852 |
_aES-MaACL _9185982 _bR.146344 _jA-11500 _dOlim: N-4504 _cDEPO1 |
||
| 942 |
_2udc _cMONOGRAFIA |
||
| 999 |
_c179110 _d179110 |
||